| 000 | 00847nam a22002057a 4500 | ||
|---|---|---|---|
| 999 |
_c2563 _d2563 |
||
| 003 | AR-CdUCM | ||
| 008 | 190304b ||||| |||| 00| 0 spa d | ||
| 040 |
_aMUNICIPALIDAD PROVINCIAL DEL CUSCO _cBIBLIOTECA MUNICIPAL DEL CUSCO |
||
| 082 |
_a376.9 / _bN44 |
||
| 100 |
_aNerbovig, Marcella H _99063 |
||
| 245 |
_aPlaneamiento de unidades : _bUn modelo de desarrollo del circulo / |
||
| 260 |
_aBuenos Aires : _bEditorial Guadalupe, _c1973. |
||
| 300 |
_a77 paginas ; _c23 cm. |
||
| 505 | _aContenido :Que es una unidad -- Preparación de los elementos preliminares de una unidad -- Preparación de la unidad : los detalles -- Objetivos de los materiales -- Lista de vocabulario ... | ||
| 650 |
_aPlanes y programas _93592 |
||
| 650 |
_aEducación especial _99064 |
||
| 650 |
_aObjetivos específicos _99065 |
||
| 942 |
_2ddc _cLIBROS |
||
| 945 | _arum | ||